LIBRARY ONLINE CATALOGUE

Macmillan physical and political wall map of East Africa (Record no. 15105)

MARC details
000 -LEADER
fixed length control field 00758cem a22002411 4500
001 - CONTROL NUMBER
control field 0000012690
005 - DATE AND TIME OF LATEST TRANSACTION
control field 20151217161143.0
007 - PHYSICAL DESCRIPTION FIXED FIELD--GENERAL INFORMATION
fixed length control field aj cauun
008 - FIXED-LENGTH DATA ELEMENTS--GENERAL INFORMATION
fixed length control field 090311s xx a 0 eng d
020 ## - INTERNATIONAL STANDARD BOOK NUMBER
International Standard Book Number 0333921210
034 0# - CODED CARTOGRAPHIC MATHEMATICAL DATA
Category of scale a
040 ## - CATALOGING SOURCE
Original cataloging agency KABU
Transcribing agency KABU
110 2# - MAIN ENTRY--CORPORATE NAME
Corporate name or jurisdiction name as entry element MAPgraphics.
-- 0000169583
245 10 - TITLE STATEMENT
Title Macmillan physical and political wall map of East Africa
Medium [map] /
Statement of responsibility, etc. compiled, drawn by MAPgraphics.
255 ## - CARTOGRAPHIC MATHEMATICAL DATA
Statement of scale Scale 1 : 2,300,000.
260 ## - PUBLICATION, DISTRIBUTION, ETC. (IMPRINT)
Place of publication, distribution, etc. Nairobi :
Name of publisher, distributor, etc. Macmillan Education (K),
Date of publication, distribution, etc. 2005.
300 ## - PHYSICAL DESCRIPTION
Extent 1 map :
Other physical details col ;
Dimensions 80x110 cm.
500 ## - GENERAL NOTE
General note 1 side-political and the other physical.
651 #0 - SUBJECT ADDED ENTRY--GEOGRAPHIC NAME
Geographic name Africa, East
General subdivision Maps.
-- 0000159749
908 ## - PUT COMMAND PARAMETER (RLIN)
Put command parameter 090311
950 ## - LOCAL HOLDINGS (RLIN)
-- 1
Holdings
Withdrawn status Lost status Source of classification or shelving scheme Not for loan Home library Current library Date acquired Total Checkouts Full call number Barcode Date last seen Price effective from Koha item type
    Library of Congress Classification Not For Loan Kabarak, Main Campus Kabarak, Main Campus 17/12/2015   G8320 2005 .M37 c. 1 17093 17/12/2015 17/12/2015 Reference